000 00643nam a2200205 a 4500
005 20240925064055.0
008 991125s1978 mx 000 0 spa u
020 _a9681600517
035 _aUPN01000000365
049 _aCG
050 4 _aRJ131
_bL4.28
100 1 _aLefrancois, Guy R.,
_d1940-
_928978
245 1 0 _aAcerca de los niños :
_buna introducción al desarrollo del niño /
_cGuy R. Lefrancois ; tr. Celia H. Paschero.
260 _aMéxico :
_bFCE,
_c1978.
300 _a514 p.
440 0 _aBiblioteca de psicología y psicoanálisis
650 4 _aNiño, Estudio del
_9221
650 4 _aNiños
_xCrecimiento
_915181
905 _aLibro
999 _c365
_d365